000
00328nam a2200133Ia 4500
005
20251222144704.0
008
251222s9999||||xx |||||||||||||| ||spa||
020
_a
958-600-522-4
082
_a
650.1/B7
100
_a
Boot, Richard
245
0
_a
Manejo de lo Desconocido:
264
_b
McGRAW-HILL INTERAMERICANA
942
_c
LIB
999
_c
17571
_d
17571